Statistics for Which is larger by Area

Click here to take the quiz!

General Stats

  • This quiz has been taken 23 times
  • The average score is 10 of 15

Answer Stats

QuestionAnswer% Correct
Russia or EuropeRussia
100%
Africa or North AmericaAfrica
95%
Liechtenstein or New York CityNew York City
95%
Brazil or ChinaChina
95%
Australia or the United StatesUnited States
89%
Denmark or New York StateNew York State
84%
The Mediterranean Sea or IndiaIndia
79%
Scandinavia or GreenlandGreenland
74%
Malta or AndorraAndorra
58%
Albania or SicilyAlbania
53%
The Indian Ocean or EurasiaIndian Ocean
47%
Morocco or SpainSpain
47%
Hong Kong or SingaporeHong Kong
37%
Norway or FinlandNorway
37%
Canada or EuropeEurope
32%

Score Distribution

Percentile by Number Answered

Percent of People with Each Score

Your Score History

You have not taken this quiz